000 01233nam a2200289 a 4500
005 20170531164418.0
008 170531b2017 fr ado||r|||| 10| 0 eng d
020 _a9789231002106
040 _aCO-BoIAVH
_cCO-BoIAVH
041 0 _aeng
044 _afr
082 0 4 _a577.076
_bK73l
245 0 0 _aKnowing our lands and resources :
_bIndigenous and local knowledge of biodiversity and ecosystem services in Europe and Central Asia
_ceditado por Marie Roué y Zsolt Molnár
260 _aParís (Francia) :
_bUNESCO,
_c2017.
300 _a148 páginas :
_bilustraciones, tablas y fotografías a color ;
_c30 x 21 cm.
490 0 _aKnowledges of Nature ;
_v9
500 _aIncluye anexos.
504 _aIncluye referencias bibliográficas.
650 2 6 _aBiodiversidad
_xConocimiento indígena
_vCongresos, conferencias, etc.
650 2 6 _aServicios de los ecosistemas
_xConocimiento indígena
_vCongresos, conferencias, etc.
651 6 _aEuropa
651 6 _aAsia central
700 1 _aRoué, M.
_eeditora
700 1 _aMolnár, Zsoult
_eeditor
710 2 _aOrganización de las Naciones Unidas para la Educación, la Ciencia y la Cultura - UNESCO
942 _2ddc
_cLIBRO
999 _c19518
_d19518